| 000 | 02373cpcaa2200493 a 4500 | ||
|---|---|---|---|
| 001 | mm 79075809 | ||
| 003 | DLC | ||
| 005 | 20260227111657.0 | ||
| 007 | cr ||||||||||| | ||
| 008 | 791116|||||||||||| eng | ||
| 010 |
_amm 79075809 _bms 80002036 |
||
| 040 |
_aDLC _cDLC _dDLC _edacs |
||
| 072 | 7 |
_aB _2lcmd |
|
| 100 | 1 |
_aCardozo, Francis Lewis, _d1836-1903. |
|
| 245 | 0 | 0 |
_aFrancis Lewis Cardozo family papers, _f1864-1968 _g(bulk 1868-1932). |
| 300 |
_a60 _fitems. |
||
| 300 |
_a1 _fcontainer. |
||
| 300 |
_a1 _fmicrofilm reel. |
||
| 300 |
_a0.2 _flinear feet. |
||
| 506 | _aOpen to research. | ||
| 520 | 8 | _aCorrespondence, genealogical material, certificates, commissions, degrees, notes, typescript of a novel, and other papers of the Cardozo family, a prominent African American and Jewish family of South Carolina and Washington, D.C. Relates primarily to Francis Lewis Cardozo's career in education and politics and to his ancestry. | |
| 530 |
_aMicrofilm edition available, _dno. 22,074. |
||
| 533 |
_aMicrofilm produced from originals in the Manuscript Division. _bWashington, D.C. : _cLibrary of Congress Photoduplication Service, _d1999. |
||
| 544 |
_3Photographs _etransferred to _aLibrary of Congress Prints and Photographs Division. |
||
| 545 | 0 | _aEducator, clergyman, and public official. | |
| 546 | _aCollection material in English. | ||
| 555 | 8 |
_aFinding aid available in the Library of Congress Manuscript Reading Room and at _uhttp://hdl.loc.gov/loc.mss/eadmss.ms009014 |
|
| 600 | 3 | 0 | _aCardozo family. |
| 650 | 0 |
_aAfrican Americans _zSouth Carolina. |
|
| 650 | 0 |
_aAfrican Americans _zWashington (D.C.) |
|
| 650 | 0 |
_aAfrican Americans _xEducation _zSouth Carolina. |
|
| 650 | 0 |
_aAfrican Americans _xEducation _zWashington (D.C.) |
|
| 650 | 0 | _aGenealogy. | |
| 650 | 0 |
_aJews _zSouth Carolina. |
|
| 650 | 0 |
_aJews _zWashington (D.C.) |
|
| 651 | 0 |
_aSouth Carolina _xPolitics and government _y1865-1950. |
|
| 656 | 7 |
_aClergy. _2itoamc |
|
| 656 | 7 |
_aEducators. _2itoamc |
|
| 656 | 7 |
_aPublic officials. _2itoamc |
|
| 856 | 4 |
_3Finding aid _uhttp://hdl.loc.gov/loc.mss/eadmss.ms009014 |
|
| 856 | 4 |
_3Finding aid (PDF) _uhttp://hdl.loc.gov/loc.mss/eadmss.ms009014.3 |
|
| 999 |
_c42351 _d42351 |
||